Just another money-making enterprise (Record no. 80058)
[ view plain ]
| 000 -LEADER | |
|---|---|
| fixed length control field | 01995cab a22003135a 4500 |
| 001 - CONTROL NUMBER | |
| control field | L143095 |
| 008 - FIXED-LENGTH DATA ELEMENTS--GENERAL INFORMATION | |
| fixed length control field | 080408e20080405xxk f 000 0 eng d |
| 035 ## - SYSTEM CONTROL NUMBER | |
| System control number | (Sirsi) u143095 |
| 041 0# - LANGUAGE CODE | |
| Language code of text/sound track or separate title | eng |
| 100 1# - MAIN ENTRY--PERSONAL NAME | |
| Personal name | Penfold, Blake |
| 245 00 - TITLE STATEMENT | |
| Title | Just another money-making enterprise |
| 260 ## - PUBLICATION, DISTRIBUTION, ETC. | |
| Date of publication, distribution, etc. | 2008 |
| 490 ## - SERIES STATEMENT | |
| Series statement | Estates Gazette |
| Volume/sequential designation | (0813) 5 April 2008, 143(1) |
| 520 ## - SUMMARY, ETC. | |
| Summary, etc. | Examines changes to empty rates liabilities which were enforced on 1 April 2008. These reduce the period of some industrial exemptions, including manufacturing, storage, processing and electricity generation, from an indefinite period to six months. Property owned by companies in administration is to be exempted where the business itself is not in occupation. Covers the Regulations and sections of the Rating (Empty Properties) Act 2007 which are now in force. These largely revise matters of collection and enforcement. They are intended to increase the incentive to reuse or redevelop unused properties. |
| 590 ## - LOCAL NOTE (RLIN) | |
| Local note | KA |
| 650 24 - SUBJECT ADDED ENTRY--TOPICAL TERM | |
| Topical term or geographic name entry element | RATING (EMPTY PROPERTIES) ACT 2007 |
| 650 24 - SUBJECT ADDED ENTRY--TOPICAL TERM | |
| Topical term or geographic name entry element | NON-DOMESTIC RATING (UNOCCUPIED PROPERTY) (ENGLAND) REGULATIONS 2008 |
| 650 24 - SUBJECT ADDED ENTRY--TOPICAL TERM | |
| Topical term or geographic name entry element | COUNCIL TAX AND NON-DOMESTIC RATING (DEMAND NOTICES) (ENGLAND) (AMENDMENT) REGULATIONS 2008 |
| 650 24 - SUBJECT ADDED ENTRY--TOPICAL TERM | |
| Topical term or geographic name entry element | LOCAL GOVERNMENT (NON-DOMESTIC RATING) (CONSEQUENTIAL AMENDMENTS) (ENGLAND) ORDER 2008 |
| 650 24 - SUBJECT ADDED ENTRY--TOPICAL TERM | |
| Topical term or geographic name entry element | NON-DOMESTIC RATING (COLLECTION AND ENFORCEMENT) (LOCAL LISTS) REGULATIONS 1989 |
| 650 24 - SUBJECT ADDED ENTRY--TOPICAL TERM | |
| Topical term or geographic name entry element | NON-DOMESTIC RATING (COLLECTION AND ENFORCEMENT) (MISCELLANEOUS PROVISIONS) REGULATIONS 1990 |
| 650 24 - SUBJECT ADDED ENTRY--TOPICAL TERM | |
| Topical term or geographic name entry element | NON-DOMESTIC RATING (CHARGABLE AMOUNTS) (ENGLAND) REGULATIONS 2004 |
| 650 24 - SUBJECT ADDED ENTRY--TOPICAL TERM | |
| Topical term or geographic name entry element | NON-DOMESTIC RATING (DEMAND NOTICES) (WALES) (AMENDMENT) REGULATIONS 2008 |
| 650 24 - SUBJECT ADDED ENTRY--TOPICAL TERM | |
| Topical term or geographic name entry element | COUNCIL TAX AND NON-DOMESTIC RATING (DEMAND NOTICES) (ENGLAND) REGULATIONS 2003 |
| 650 24 - SUBJECT ADDED ENTRY--TOPICAL TERM | |
| Topical term or geographic name entry element | INSOLVENCY ACT 1986 |
| 651 #4 - SUBJECT ADDED ENTRY--GEOGRAPHIC NAME | |
| Geographic name | England and Wales |
| Chronological subdivision | 1543- |
| 690 ## - LOCAL SUBJECT ADDED ENTRY--TOPICAL TERM (OCLC, RLIN) | |
| Topical term or geographic name as entry element | PROPERTY-COMMERCIAL PROPERTY-COMMERCIAL PROPERTY TAXATION-BUSINESS RATES |
| 942 ## - ADDED ENTRY ELEMENTS (KOHA) | |
| Suppress in OPAC | 0 |
| Withdrawn status | Lost status | Source of classification or shelving scheme | Damaged status | Not for loan | Home library | Current library | Shelving location | Date acquired | Total Checkouts | Full call number | Barcode | Date last seen | Copy number | Price effective from | Koha item type |
|---|---|---|---|---|---|---|---|---|---|---|---|---|---|---|---|
| Dewey Decimal Classification | London | London | Journal article | 08/04/2008 | L143095 | 143095-1001 | 06/08/2019 | 1 | 06/08/2019 | Journal article |